| 000 | 01254nam a2200313 a 4500 | ||
|---|---|---|---|
| 001 | ebr10558151 | ||
| 003 | CaPaEBR | ||
| 006 | m u | ||
| 007 | cr cn||||||||| | ||
| 008 | 120524s2012 enkad sb 001 0 eng d | ||
| 020 | _z9781119999249 | ||
| 020 | _z9781119950714 (e-book) | ||
| 040 |
_aCaPaEBR _cCaPaEBR |
||
| 035 | _a(OCoLC)787843141 | ||
| 050 | 1 | 4 |
_aHD9696.63.A2 _bK45 2012eb |
| 100 | 0 | _aRednik. | |
| 245 | 1 | 0 |
_aBusiness patterns for software developers _h[electronic resource] / _cAllan Kelly. |
| 260 |
_aWest Sussex [England] : _bJohn Wiley & Sons, _c2012. |
||
| 300 |
_axix, 386 p. : _bill. |
||
| 490 | 1 | _aWiley series in software design patterns | |
| 504 | _aIncludes bibliographical references and index. | ||
| 533 |
_aElectronic reproduction. _bPalo Alto, Calif. : _cebrary, _d2013. _nAvailable via World Wide Web. _nAccess may be limited to ebrary affiliated libraries. |
||
| 650 | 0 | _aComputer software industry. | |
| 650 | 0 |
_aComputer software _xDevelopment. |
|
| 655 | 7 |
_aElectronic books. _2local |
|
| 710 | 2 | _aebrary, Inc. | |
| 830 | 0 | _aWiley series in software design patterns. | |
| 856 | 4 | 0 |
_uhttp://site.ebrary.com/lib/rucke/Doc?id=10558151 _zAn electronic book accessible through the World Wide Web; click to view |
| 999 |
_c190617 _d190617 |
||